Moderné prístupy k finančným krízam a ich transmisné mechanizmy
Všeobecný pohľad moderných prístupov ekonomickej teórie na problematiku finančných kríz. Definovanie pojmu kríza v rámci vybraných autorov venujúcich sa problematike finančných kríz. Rozdelenie finančných kríz na jednotlivé podskupiny podľa ich charakteru a spúšťacích mechanizmov. Šírenie sa kríz v...
Saved in:
| Main Author: | |
|---|---|
| Format: | Book Chapter |
| Language: | Slovak |
| Subjects: | |
| Tags: |
No Tags, Be the first to tag this record!
|
MARC
| LEADER | 00000nla$a2200000$$$4500 | ||
|---|---|---|---|
| 001 | 0144591 | ||
| 005 | 20240502083334.6 | ||
| 041 | 0 | |a slo | |
| 044 | |a CZ | ||
| 245 | 1 | 0 | |a Moderné prístupy k finančným krízam a ich transmisné mechanizmy |c Marek Kálovec |
| 520 | |a Všeobecný pohľad moderných prístupov ekonomickej teórie na problematiku finančných kríz. Definovanie pojmu kríza v rámci vybraných autorov venujúcich sa problematike finančných kríz. Rozdelenie finančných kríz na jednotlivé podskupiny podľa ich charakteru a spúšťacích mechanizmov. Šírenie sa kríz v rámci svetovej ekonomiky a transmisné mechanizmy tak ako ich definujú predstavitelia ekonomickej teórie, hospodárskej praxe a medzinárodné inštitúcie. | ||
| 610 | 2 | 0 | |a kríza finančná |
| 610 | 2 | 0 | |a kríza banková |
| 610 | 2 | 0 | |a kríza menová |
| 610 | 2 | 0 | |a pojmy |
| 610 | 2 | 0 | |a typológia |
| 610 | 2 | 0 | |a vzťahy obchodné |
| 610 | 2 | 0 | |a vzťahy peňažné medzinárodné |
| 100 | 1 | |a Kálovec, Marek | |